000 01116nam a2200277 a 4500
001 8277
003 CO-ViMGA
008 141112s2004 ck r 000 u spa d
020 _a9582002697
040 _aCO-ViMGA
_bspa
_cCO-ViMGA
082 0 4 _a808.831 M840
100 1 _aOrjuela Duarte, Celedonio
_98128
245 1 0 _aMujeres y otros cuentos de riesgo /
_cOrjuela Celedonio
260 _aBogotá,
_cMagisterio,
_c1996
300 _a125 p. il.
490 _aColeccion Montana Magica
500 _acont. : la cama 29/Guy de Maupassant, Genoveva me espera siempre/Hernando Tellez, Maria dos Prazeres/Garcia Marquez, Una mujer para la 2da. madrugada/German Santamaria, Las mellizas/Juan Carlos Onetti, Josefina atiende a los senores/Guillermo Cabrera Infante.
590 _aForma de adquisición : donacion - - Proveedor : Biblioteca Luis Ángel Arango
650 1 4 _aCabrera Infante
_98129
650 1 4 _aMaupassant
_98130
650 1 4 _amujeres - cuentos siglo xx
_98131
650 1 4 _aOnetti, Juan Carlos
_98132
650 1 4 _aSantamaria, German
_98133
650 1 4 _aTellez, Hernando
_98134
942 _2ddc
_cBK
999 _c20086
_d20086